00433nam a2200169Ia 450000500170000000800410001704000190005804100120007708200130008910000140010224500390011626000460015530000120020150400190021365000210023285000100025320231206091732.0131103s9999 xx 000 0 und d aLoreto College aEnglish a420bPEI aPei,Mario aThe Story of English, cMario Pei aLondonbGeorge Allen and Unwin Ltd.c1953 a381 p.  aIncludes index aEnglish Language aLCLIB